000 00647na a2200229 4500
001 24230
003 MIRAKIL
005 20181213155332.0
008 180704b tu 000 0
040 _aMilas
_btur
_cTR-AnCHP
041 _atur
082 _aATA 923.156
_bK66a t.y.
090 _aATA 923.156 K66a t.y.
100 _aKopuz, Kemal
245 _aAtatürk'ü tanımak
_cKemal Kopuz
250 _agnşl. 2. bs.
260 _aAnkara
_b[yayl.y.]
_c[t.y.]
_fAnkamat Matbaacılık
300 _a720 s.
_bfotğ.
_c27 sm.
600 _aAtatürk, Mustafa Kemal
_d1881-1938
_xYaşamöyküsü
650 _aTürkiye
_xTarih
942 _2dcc
_cBKS
999 _c10751
_d10751